Secretarial training for the changing office (Record no. 26767)

MARC details
000 -LEADER
fixed length control field 00326nam a2200121Ia 4500
082 ## - DEWEY DECIMAL CLASSIFICATION NUMBER
Classification number 651.44
Item number CUR
100 ## - MAIN ENTRY--AUTHOR NAME
Personal name Curchack, Norma
245 #0 - TITLE STATEMENT
Title Secretarial training for the changing office
260 ## - PUBLICATION, DISTRIBUTION, ETC. (IMPRINT)
Place of publication New York
Name of publisher Harcourt
Year of publication 1977
700 ## - ADDED ENTRY--PERSONAL NAME
Personal name Parzych, Patricia A
942 ## - ADDED ENTRY ELEMENTS (KOHA)
Koha item type Books
Holdings
Withdrawn status Lost status Damaged status Not for loan Home library Current library Date acquired Cost, normal purchase price Full call number Accession Number Koha item type
        RRII Library RRII Library 16/12/2021 7.95 651.44 CUR 07399 Books